US States by Coldest Highest Temperature - Statistics

General Stats
  • This quiz has been taken 90 times
  • The average score is 12 of 15
Answer Stats
Temperature Answer % Correct
105° Maine
93%
105° Vermont
91%
99° Alaska
90%
106° Connecticut
89%
109° New York
89%
106° New Hampshire
87%
110° New Jersey
86%
104° Rhode Island
86%
107° Massachusetts
83%
110° Delaware
81%
98° Hawaii
77%
109° Maryland
77%
110° Virginia
76%
109° Florida
67%
110° North Carolina
66%
No matching quizzes found
Score Distribution
Percent of People with Each Score
Percentile by Number Answered
Your Score History
You have not taken this quiz